000 01490nam a2200349Ia 4500
001 ebr10634110
003 CaPaEBR
006 m u
007 cr cn|||||||||
008 061005r20061960enk sb 001 0 eng d
010 _z 2007360826
020 _z0718891732
020 _z9780718840099 (ebook)
020 _z9780718891732
040 _aCaPaEBR
_cCaPaEBR
035 _a(OCoLC)847592077
050 1 4 _aBX5037
_b.A452 2006eb
100 1 _aAllen, Roland,
_d1869-1947.
240 1 0 _aSelections.
_f2006
245 1 4 _aThe ministry of the Spirit
_h[electronic resource] :
_bselected writings /
_cRoland Allen ; with an introductory essay by Lamin Sanneh ; with a memoir by Alexander McLeish ; edite by David M. Paton.
260 _aCambridge, U.K. :
_bLutterworth Press,
_c2006.
300 _axxvii, 208 p.
500 _aOriginally published: London : World Dominion Press, 1960.
504 _aIncludes bibliographical references (p. 201-204) and index.
533 _aElectronic reproduction.
_bPalo Alto, Calif. :
_cebrary,
_d2013.
_nAvailable via World Wide Web.
_nAccess may be limited to ebrary affiliated libraries.
610 2 0 _aChurch of England.
650 0 _aTheology
_xHistory
_y20th century.
655 7 _aElectronic books.
_2local
700 1 _aPaton, David M.
_q(David Macdonald),
_d1913-1992.
710 2 _aebrary, Inc.
856 4 0 _uhttp://site.ebrary.com/lib/rucke/Doc?id=10634110
_zAn electronic book accessible through the World Wide Web; click to view
999 _c157293
_d157293